| 000 | 00652nam a2200181 a 4500 | ||
|---|---|---|---|
| 003 | 0 | ||
| 005 | 20250407114541.0 | ||
| 008 | 071127s19uu xx 00 eng d | ||
| 050 |
_aPHS QR 82.P78 _b.T67 2007 |
||
| 100 | _aTorobu, Hiroshi A. | ||
| 245 |
_aThe Effects of carbon sources on the bioremediating ability of Pseudomonas aeruginosa / _cHiroshi A. Torobu. |
||
| 260 |
_aLas PiƱas City, Philippines : _bSouthville International School and Colleges, _c2007. |
||
| 300 |
_a30 pages ; _c28 cm. |
||
| 504 | _aIncludes bibliographical references. | ||
| 650 | _aPseudomonas aeruginosa. | ||
| 650 |
_aCarbon compounds _xMetabolism. |
||
| 942 |
_2lcc _cPASS |
||
| 999 |
_c97888 _d97888 |
||